Superman 2025 Cast - Sudden Death - Statistics

General Stats
  • This quiz has been taken 32 times
  • The average score is 7 of 12
Answers on the Grid
Answers color-coded by a green-red scale on the quiz's grid according to % correct below.
Natalia Tena
Rachel Brosnahan
Karen Gillan
Isabella Merced
Lea Thompson
Nicholas Hoult
Ali Wong
Kevin Bacon
Bill Skarsgard
Sylvester Stallone
Vincent D'Onofrio
John Cena
Chris Pratt
Matthew Modine
Michael Rooker
Kieran Culkin
David Corenswet
Pete Davidson
Keith David
Sean Gunn
Frank Grillo
Milo Gibson
Danny Aiello
RJ Mitte
Sheri Moon Zombie
Kim Coates
Bradley Cooper
Nathan Fillion
Laurence Fishburne
Kathy Bates
Pom Klementieff
Hiroyuki Sanada
Corey Feldman
Zoe Saldana
Randy Orton
 
Answer Stats
Answer % Correct
David Corenswet
96%
Nicholas Hoult
88%
Rachel Brosnahan
85%
Nathan Fillion
81%
Isabella Merced
73%
Frank Grillo
65%
Sean Gunn
62%
John Cena
58%
Bradley Cooper
50%
Michael Rooker
46%
Pom Klementieff
35%
Ali Wong
0%
No matching quizzes found
Score Distribution
Percent of People with Each Score
Percentile by Number Answered
Your Score History
You have not taken this quiz